Statistics for Drake Songs

Click here to take the quiz!

General Stats

  • This quiz has been taken 451 times
    (449 since last reset)
  • The average score is 4 of 15

Answer Stats

Hint Answer % Correct
Take Care
70%
The Motto
42%
Over
41%
Best I Ever Had
37%
Marvin's Room
35%
HYFR
30%
Forever
26%
Find your Love
25%
Crew Love
17%
Miss Me
15%
Shot for Me
13%
Proud of You
12%
Doing it Wrong
10%
Shut it Down
5%
Unforgetable
0%

Score Distribution

Percentile by Number Answered

Percent of People with Each Score

Your Score History

You have not taken this quiz since the last reset